00485nam a2200145 a 450008200150000010000240001524500290003926000060006850000350007465000210010994200070013095200950013795200920023299900150032400a297.4bAKH aAkhtar, Mirza Mohd. aTazkira Auliya -e - Hind a  aincludes index and biblioraphy aSufism-Malfoozat cBK 00104070aHMIbHMId2007-09-10g100.00l0o297.4 HASp4066r2007-09-10w2026-01-16yARB 00104070aHMIbHMIcGENd2018-06-04l0o297.409 AKHp4059r2018-06-04w2026-01-16yEB c2110d2110